000 00350nam a22001337a 4500
003 SGT
020 _a9781593850616
082 _a362.88
_bCLI
100 _aCLING B J
245 _aSEXUALIZED VIOLENCE AGAINST WOMEN AND CHILDREN
_bA PSYCHOLOGY AND LAW PERSPECTIVE
260 _aNEW YORK
_bTHE GUILFORD PRESS
_c2004
300 _a305
942 _2ddc
_cBK
999 _c33783
_d33783